banner-ar

مفهوم الذات: اسسة النظريه والتطبيقيه / (Record no. 39035)

MARC details
000 -الفاتح
حقل البيانات ثابتة الطول 00701nam a2200217Ia 4500
008 - عناصر البيانات ثابتة الطول - معلومات عامة
حقل البيانات ثابتة الطول 140319s9999 xx 000 0 ara d
040 ## - مصدر الفهرسة
وكالة الفهرسة الأصلية GCL /
وكالة النسخ GCL
082 04 - رقم تصنيف ديوى العشرى
رقم التصنيف 154.22
رقم المادة ل م
100 1# - المدخل الرئيسى - إسم شخصى
الإسم الشخصى لابين، دالاس د
245 10 - بيان العنوان
العنوان مفهوم الذات: اسسة النظريه والتطبيقيه /
بيان المسئوليه,etc لابين، دالاس د
700 1# - المدخل الاضافى - اسم شخصى
الإسم الشخصى جرين، بيرت
700 1# - المدخل الاضافى - اسم شخصى
الإسم الشخصى فوزى بهلول (ترجمه)
700 1# - المدخل الاضافى - اسم شخصى
الإسم الشخصى سيد خيرالله (مراجعه)
300 ## - الوصف المادى
التعداد 169 ص
490 ## - بيان السلسلة
عنوان السلسلة
650 04 - المدخل الاضافى بالموضوع-مصطلح موضوعى
مصطلح موضوعي التحليل النفسى
650 04 - المدخل الاضافى بالموضوع-مصطلح موضوعى
مصطلح موضوعي الاختبارات والقياسات التعليمية
650 04 - المدخل الاضافى بالموضوع-مصطلح موضوعى
مصطلح موضوعي الانا والذات
942 ## - عناصر المدخل الإضافي( كوها)
مصدر التصنيف او مخطط الترفيف Dewey Decimal Classification
Koha [default] item type كتاب
Holdings
حالة التراجع حالة الفقد حالة تلف ليس للاعارة المكان المؤقت الموقع الحالى تاريخ الاكتساب اجمالي اﻻعارات رقم الطلب الباركود تاريخ اخر مشاهدة تاريخ تفعيل السعر نوع وعاء كوها
        مكتبة القاهرة الكبرى مكتبة القاهرة الكبرى 03/26/2014   154.22\ل م 95420 03/26/2014 03/26/2014 كتاب
        مكتبة القاهرة الكبرى مكتبة القاهرة الكبرى 03/26/2014   154.22\ل م 95421 03/26/2014 03/26/2014 كتاب
        مكتبة القاهرة الكبرى مكتبة القاهرة الكبرى 03/26/2014   154.22\ل م 95422 03/26/2014 03/26/2014 كتاب

Powered By

EGPV